| 000 | 00503nam a22001817a 4500 | ||
|---|---|---|---|
| 003 | CEME | ||
| 005 | 20210628210410.0 | ||
| 008 | 210127b xxu||||| |||| 00| 0 eng d | ||
| 020 | _a0-7506-5213-6 | ||
| 040 | _c. | ||
| 082 | _a621 GEN | ||
| 100 |
_aGentle, Richard,Edwards, Peter, Bolton, Bill _979221 |
||
| 245 | _aMechanical engineering systems | ||
| 260 |
_aNEW DELHI _bBUTTERWORTH - HEINEMANN _c2002 |
||
| 300 | _aVII,310P | ||
| 650 |
_aMECHANICAL ENGINEERING SYSTEMS _979222 |
||
| 942 |
_cBK _2ddc |
||
| 999 |
_c584274 _d584274 |
||